| 000 | 00696nam a2200193 i 4500 | ||
|---|---|---|---|
| 001 | 26466 | ||
| 003 | ES-MaACL | ||
| 005 | 20250721063431.0 | ||
| 007 | t| | ||
| 008 | 030109s1962 sp ||||1| spa d | ||
| 100 | 1 |
_aArtola, Miguel, _d1923-2020 _923497 |
|
| 245 | 1 | 0 |
_aStrenae _b: estudios de filología e historia dedicados al profesor Manuel García Blanco : [Un epistolario de Fernando VII] / _cMiguel Artola. |
| 260 |
_aSalamanca : _bUniversidad de Salamanca, _c1962. |
||
| 300 |
_a19 p. ; _c24 cm. |
||
| 500 | _aEs Separata de: Filosofía y Letras, Tomo XVI. | ||
| 740 | 3 | _aUn epistolario de Fernando VII. | |
| 852 |
_aES-MaACL _j2028-F-29 _bR.49970 |
||
| 999 |
_c26466 _d26466 |
||